|
|
|
|
| LEADER |
00842nam a2200217 a 4500 |
| 001 |
c000159085 |
| 003 |
CARM |
| 005 |
20090303113051.0 |
| 008 |
010925s1955 ru af 000 f rus d |
| 019 |
1 |
|
|a 23241491
|5 LACONCORD2021
|
| 035 |
|
|
|a (OCoLC)29046067
|5 LACONCORD2021
|
| 040 |
|
|
|a VU
|b eng
|c VU
|
| 043 |
|
|
|a e-ur---
|
| 100 |
1 |
|
|a Vershigora, Petr Petrovich,
|d 1905-1963.
|
| 245 |
1 |
0 |
|a Li︠u︡di s chistoĭ sovestʹi︠u︡ /
|c P. Vershigora.
|
| 260 |
|
|
|a Moskva :
|b Sovetski ̆pisatelʹ,
|c 1955.
|
| 300 |
|
|
|a 777 p., [1] leaf of plates :
|b col. ill. ;
|c 21 cm.
|
| 650 |
|
0 |
|a World War, 1939-1945
|x Fiction.
|
| 852 |
8 |
|
|b CARM
|h A2:AJ07B0
|i B04738
|p 0209247
|f BK
|
| 999 |
f |
f |
|i cfb65283-1696-598d-b50f-51cc58b8adbd
|s e6e7227c-b3d2-54dc-84a7-ca154fa7dfb8
|
| 952 |
f |
f |
|p Can circulate
|a CAVAL
|b CAVAL
|c CAVAL
|d CARM 1 Store
|e B04738
|f A2:AJ07B0
|h Other scheme
|i book
|m 0209247
|